[Event "Lienz op 20th"]
[Site "Lienz"]
[Date "2019.02.16"]
[Round "9"]
[White "Poenisch, Eckehard"]
[Black "Gaehwiler, Gabriel"]
[Result "0-1"]
[WhiteElo "2135"]
[BlackElo "2433"]
[PlyCount "90"]
[EventDate "2019.02.09"]
[EventType "swiss"]
[EventRounds "9"]
[EventCountry "AUT"]
[SourceTitle "CBM 188 Extra"]
[Source "ChessBase"]
[SourceDate "2019.02.26"]
[SourceVersion "1"]
[SourceVersionDate "2019.02.26"]
[SourceQuality "1"]

1. e4 c5 2. g3 Nc6 3. Bg2 Nf6 4. f4 d6 5. d3 g6 6. c3 Bg7 7. Nf3 0-0 8. 0-0 Rb8 9. h3 c4 10. g4 cxd3 11. Qxd3 e5 12. c4 Nd7 13. f5 Nc5 14. Qe3 Nd4 15. Rf2 a5 16. Nc3 b5 17. cxb5 Nxb5 18. Nd5 Nc7 19. Nxc7 Qxc7 20. Rc2 Qb6 21. Nd2 Ba6 22. Nc4 Bxc4 23. Rxc4 Qb5 24. Bf1 a4 25. Rb1 Qb6 26. Bd2 gxf5 27. gxf5 Kh8 28. Kh2 Bf6 29. Qh6 Qd8 30. Be2 Rg8 31. Bg4 Qe7 32. Be3 Bg5 33. Bxg5 Qxg5 34. Qxg5 Rxg5 35. Bd1 Rbg8 36. Bf3 Rb8 37. Bd1 Nd3 38. b4 axb3 39. Rxb3 Rbg8 40. Bf3 Nf4 41. Rbc3 Ne2 42. Re3 Nd4 43. Bh1 Rb8 44. h4 Rg4 45. Kh3 Nxf5 0-1

[Event "Oberliga Ost-A 1819"]
[Site "Germany"]
[Date "2018.12.15"]
[Round "4.6"]
[White "Poenisch, Eckehard"]
[Black "Rosko, Lubos"]
[Result "1/2-1/2"]
[WhiteElo "2125"]
[BlackElo "2264"]
[PlyCount "71"]
[EventDate "2018.10.21"]
[EventType "team-tourn"]
[EventRounds "11"]
[EventCountry "GER"]
[SourceTitle "EXT 2020"]
[Source "ChessBase"]
[SourceDate "2019.10.17"]
[SourceVersion "1"]
[SourceVersionDate "2019.10.17"]
[SourceQuality "1"]
[WhiteTeam "Coswig TuS"]
[BlackTeam "Aue Nickelhuette II"]
[WhiteTeamCountry "GER"]
[BlackTeamCountry "GER"]

1. d4 Nf6 2. Bf4 c5 3. e3 g6 4. Nf3 Bg7 5. Nbd2 b6 6. c3 Bb7 7. Bd3 d6 8. h3 0-0 9. 0-0 Nbd7 10. Bh2 Qc7 11. e4 e5 12. Re1 Rfe8 13. dxe5 Nxe5 14. Nxe5 dxe5 15. Qc2 Nh5 16. Bf1 Bh6 17. Rad1 Bf4 18. Bxf4 exf4 19. f3 Re6 20. Bc4 Re5 21. Nf1 a6 22. Qd2 b5 23. Qd7 Re7 24. Qxc7 Rxc7 25. Bd5 Bxd5 26. Rxd5 Nf6 27. Rd6 Ne8 28. Rd2 Kf8 29. g3 fxg3 30. Kg2 Ng7 31. Kxg3 Nh5+ 32. Kg4 Re7 33. Red1 h6 34. h4 Kg7 35. Ng3 Nf6+ 36. Kf4 1/2-1/2

[Event "Oberliga Ost-A 1617"]
[Site "Germany"]
[Date "2016.12.04"]
[Round "4.7"]
[White "Poenisch, Eckehard"]
[Black "Roseneck, Jonas"]
[Result "0-1"]
[WhiteElo "2166"]
[BlackElo "2011"]
[PlyCount "98"]
[EventDate "2016.10.16"]
[EventType "team-tourn"]
[EventRounds "11"]
[EventCountry "GER"]
[SourceTitle "EXT 2018"]
[Source "ChessBase"]
[SourceDate "2017.10.13"]
[SourceVersion "1"]
[SourceVersionDate "2017.10.13"]
[SourceQuality "1"]
[WhiteTeam "Coswig TuS"]
[BlackTeam "Magdeburg Aufbau Elbe"]
[WhiteTeamCountry "GER"]
[BlackTeamCountry "GER"]

1. e4 c5 2. Nf3 d6 3. c3 Nf6 4. Bd3 Bg4 5. Bc2 Nc6 6. h3 Bh5 7. d3 e6 8. 0-0 Be7 9. Bf4 h6 10. Nbd2 Qd7 11. Ba4 Rb8 12. g4 Bg6 13. Bc2 e5 14. Bg3 Nh7 15. Nc4 Ng5 16. Nxg5 Bxg5 17. f4 exf4 18. Bxf4 Bxf4 19. Rxf4 d5 20. exd5 Qxd5 21. Qe2+ Qe6 22. Qf2 0-0 23. Qxc5 Rfd8 24. Rd1 b5 25. Na3 b4 26. Nc4 bxc3 27. bxc3 Rd5 28. Qf2 Ne5 29. Re1 Bxd3 30. Rxe5 Rxe5 31. Bxd3 Re1+ 32. Kg2 Rd8 33. Rd4 Re8 34. Nd2 Qc6+ 35. Nf3 R1e3 36. c4 Qf6 37. Rd5 g6 38. Bf1 a6 39. Rd3 R3e4 40. Ra3 Qc6 41. Qd2 Kh7 42. Qd5 Qf6 43. Rb3 R8e6 44. c5 Rf4 45. Kg3 g5 46. Bd3+ Kg7 47. Bf5 Re2 48. Bb1 a5 49. Qd3 Rxf3+ 0-1

[Event "Oberliga Ost-A 1617"]
[Site "Germany"]
[Date "2016.10.16"]
[Round "1.6"]
[White "Poenisch, Eckehard"]
[Black "Hutsch, Oliver"]
[Result "0-1"]
[WhiteElo "2166"]
[BlackElo "2119"]
[PlyCount "96"]
[EventDate "2016.10.16"]
[EventType "team-tourn"]
[EventRounds "11"]
[EventCountry "GER"]
[SourceTitle "EXT 2018"]
[Source "ChessBase"]
[SourceDate "2017.10.13"]
[SourceVersion "1"]
[SourceVersionDate "2017.10.13"]
[SourceQuality "1"]
[WhiteTeam "Coswig TuS"]
[BlackTeam "Dresden Gruen Weiss"]
[WhiteTeamCountry "GER"]
[BlackTeamCountry "GER"]

1. b4 d5 2. Bb2 Nf6 3. e3 e6 4. b5 a6 5. a4 c6 6. bxc6 bxc6 7. Nf3 Be7 8. c4 Nbd7 9. Be2 Rb8 10. Ra2 0-0 11. 0-0 c5 12. Nc3 dxc4 13. Bxc4 Nb6 14. Be2 Nbd5 15. Ne5 Qc7 16. Nc4 Nb4 17. Ra1 Rd8 18. Na2 Nc6 19. f4 Nd5 20. Qc2 Nb6 21. Rac1 Qd7 22. Ne5 Qe8 23. Ba1 f6 24. Nc4 Qg6 25. Qxg6 hxg6 26. Nxb6 Rxb6 27. Bc3 a5 28. Rb1 Nb4 29. Nc1 Bd7 30. Bd1 Bc6 31. Kf2 Rdb8 32. Kg3 Be4 33. Rb2 Bd6 34. Bf3 Bd5 35. Ne2 Bc4 36. Rfb1 Kf7 37. d4 Bd3 38. Rd1 c4 39. Nc1 Bc2 40. Rd2 Bxa4 41. d5 e5 42. Be2 exf4+ 43. exf4 g5 44. Bxc4 Bxf4+ 45. Kf3 Rc8 46. d6+ Rxc4 47. Bxb4 Bxd2 48. Rxd2 Rbxb4 0-1

[Event "Oberliga Ost-A 1415"]
[Site "Germany"]
[Date "2015.04.12"]
[Round "11.5"]
[White "Niering, Martin"]
[Black "Poenisch, Eckehard"]
[Result "0-1"]
[WhiteElo "2179"]
[BlackElo "2184"]
[PlyCount "118"]
[EventDate "2014.09.21"]
[EventType "team-tourn"]
[EventRounds "11"]
[EventCountry "GER"]
[SourceTitle "EXT 2016"]
[Source "ChessBase"]
[SourceDate "2015.10.08"]
[SourceVersion "1"]
[SourceVersionDate "2015.10.08"]
[SourceQuality "1"]
[WhiteTeam "Magdeburg Rochade"]
[BlackTeam "Coswig"]
[WhiteTeamCountry "GER"]
[BlackTeamCountry "GER"]

1. e4 Nc6 2. Nf3 f5 3. exf5 d5 4. Bb5 a6 5. Ba4 b5 6. Bb3 Bxf5 7. d4 e6 8. Bf4 Bd6 9. Ne5 Nge7 10. Qh5+ Bg6 11. Nxg6 Nxg6 12. Bxd6 Qxd6 13. c3 0-0 14. g3 e5 15. 0-0 Rad8 16. Nd2 Qf6 17. Ne4 Qf5 18. Qxf5 Rxf5 19. dxe5 Rxe5 20. Nc5 a5 21. a4 b4 22. Rad1 Nge7 23. Rd2 bxc3 24. bxc3 Kf7 25. Rfd1 g5 26. f3 Re3 27. Rd3 Rxd3 28. Nxd3 Kf6 29. Re1 Rd6 30. f4 h6 31. Kf2 Nd8 32. Ne5 gxf4 33. gxf4 Ng6 34. Kg3 h5 35. Bc2 Ne7 36. Bd1 Nf5+ 37. Kf2 Ne6 38. Nd3 Rc6 39. Bxh5 Rxc3 40. Rd1 Rc2+ 41. Kg1 Rc4 42. Be8 Rd4 43. Nf2 Rxd1+ 44. Nxd1 Nxf4 45. Kf2 c5 46. Kf3 Ne6 47. Kg4 c4 48. Bb5 Ke5 49. h4 Nd6 50. Ne3 Ke4 51. Nc2 d4 52. Bxc4 Nxc4 53. Nxd4 Ne3+ 54. Kh5 Nxd4 55. Kg5 Ndf5 56. h5 Kd4 57. Kf4 Kc4 58. Ke4 Kb4 59. Kd3 Kxa4 0-1

[Event "Lienz op-A 18th"]
[Site "Lienz"]
[Date "2015.02.13"]
[Round "8"]
[White "Poenisch, Eckehard"]
[Black "Arztmann, Nils"]
[Result "1/2-1/2"]
[WhiteElo "2177"]
[BlackElo "1993"]
[PlyCount "43"]
[EventDate "2015.02.07"]
[EventType "swiss"]
[EventRounds "9"]
[EventCountry "AUT"]
[SourceTitle "CBM 164 Extra"]
[Source "ChessBase"]
[SourceDate "2015.03.02"]
[SourceVersion "1"]
[SourceVersionDate "2015.03.02"]
[SourceQuality "1"]

1. d4 d5 2. c4 c6 3. Nf3 Nf6 4. e3 Bf5 5. Be2 e6 6. 0-0 Nbd7 7. b3 Bd6 8. Bb2 h6 9. Nbd2 0-0 10. Ne5 Ne4 11. Nxe4 Bxe4 12. Nxd7 Qxd7 13. f3 Bh7 14. Bd3 Bxd3 15. Qxd3 Qc7 16. h3 f5 17. e4 fxe4 18. fxe4 Rxf1+ 19. Rxf1 Rf8 20. Rxf8+ Bxf8 21. Bc3 Qf4 22. exd5 1/2-1/2

[Event "Oberliga Ost-A 1314"]
[Site "Germany"]
[Date "2014.03.16"]
[Round "9.8"]
[White "Niegsch, Nicolas"]
[Black "Poenisch, Eckehard"]
[Result "1/2-1/2"]
[WhiteElo "2004"]
[BlackElo "2205"]
[PlyCount "120"]
[EventDate "2013.10.13"]
[EventType "team-tourn"]
[EventRounds "11"]
[EventCountry "GER"]
[SourceTitle "EXT 2015"]
[Source "ChessBase"]
[SourceDate "2014.11.20"]
[SourceVersion "1"]
[SourceVersionDate "2014.11.20"]
[SourceQuality "1"]
[WhiteTeam "Loeberitz"]
[BlackTeam "Coswig"]
[WhiteTeamCountry "GER"]
[BlackTeamCountry "GER"]

1. d4 d5 2. c4 e6 3. Nc3 Nf6 4. cxd5 exd5 5. Bg5 c6 6. Qc2 Be7 7. e3 0-0 8. Bd3 Nbd7 9. Nge2 Re8 10. 0-0 Nf8 11. f3 Nh5 12. Bxe7 Qxe7 13. e4 Be6 14. Rae1 g6 15. a3 Red8 16. b4 a5 17. Qb2 axb4 18. axb4 dxe4 19. fxe4 Qg5 20. Qc1 Qxc1 21. Rxc1 Ra3 22. Ra1 Rda8 23. Rxa3 Rxa3 24. b5 Kg7 25. bxc6 bxc6 26. Rc1 Nd7 27. h3 Nb6 28. g4 Nf6 29. Nf4 Bc4 30. Bxc4 Nxc4 31. e5 Nd7 32. Nce2 Na5 33. g5 h6 34. h4 hxg5 35. hxg5 Kf8 36. Kf2 Ke7 37. Rh1 Nf8 38. d5 cxd5 39. Nd4 Nc4 40. Nxd5+ Kd7 41. Nf6+ Ke7 42. Nc6+ Ke6 43. Rh8 Ra8 44. Kg3 Nxe5 45. Nxe5 Kxe5 46. Nd7+ Kf5 47. Nxf8 Ra3+ 48. Kf2 Kxg5 49. Rg8 Kf5 50. Nxg6 fxg6 51. Rb8 Kg4 52. Kg2 Ra2+ 53. Kg1 g5 54. Rb3 Kh4 55. Rb1 g4 56. Rc1 Kh3 57. Rb1 Ra3 58. Rc1 Kg3 59. Rb1 Kf3 60. Rf1+ Kg3 1/2-1/2

[Event "Lienz op 17th"]
[Site "Lienz"]
[Date "2013.02.16"]
[Round "9"]
[White "Schnider, Gert"]
[Black "Poenisch, Eckehard"]
[Result "1-0"]
[WhiteElo "2311"]
[BlackElo "2203"]
[PlyCount "31"]
[EventDate "2013.02.09"]
[EventType "swiss"]
[EventRounds "9"]
[EventCountry "AUT"]
[SourceTitle "CBM 152 Extra"]
[Source "ChessBase"]
[SourceDate "2013.02.25"]
[SourceVersion "1"]
[SourceVersionDate "2013.02.25"]
[SourceQuality "1"]

1. e4 c6 2. c4 d6 3. d4 Na6 4. Nc3 g6 5. Nf3 Bg7 6. h3 Nh6 7. Bd3 f5 8. 0-0 0-0 9. Re1 Nf7 10. d5 fxe4 11. Nxe4 e5 12. dxe6 Bxe6 13. Nfg5 Qd7 14. Nxh7 Kxh7 15. Nf6+ Bxf6 16. Qh5+ 1-0

[Event "Lienz op 17th"]
[Site "Lienz"]
[Date "2013.02.15"]
[Round "8"]
[White "Poenisch, Eckehard"]
[Black "Jenul, Reinhold"]
[Result "1-0"]
[WhiteElo "2203"]
[BlackElo "2068"]
[PlyCount "59"]
[EventDate "2013.02.09"]
[EventType "swiss"]
[EventRounds "9"]
[EventCountry "AUT"]
[SourceTitle "CBM 152 Extra"]
[Source "ChessBase"]
[SourceDate "2013.02.25"]
[SourceVersion "1"]
[SourceVersionDate "2013.02.25"]
[SourceQuality "1"]

1. e4 c5 2. Na3 e5 3. c3 Nc6 4. Bb5 Nge7 5. Nf3 a6 6. Bxc6 Nxc6 7. 0-0 d6 8. h3 Be7 9. d4 0-0 10. Nc4 exd4 11. cxd4 Re8 12. a4 Na5 13. Nxa5 Qxa5 14. Bd2 Qd8 15. Bc3 b6 16. Re1 Bb7 17. Qd3 Bf8 18. Rad1 Qc7 19. d5 Rad8 20. Re3 Qd7 21. b3 b5 22. axb5 axb5 23. Nh4 g6 24. Nf5 h6 25. Rg3 Kh7 26. Ne3 Rb8 27. Ng4 Bg7 28. Bxg7 Kxg7 29. Qc3+ Kh7 30. Ne3 1-0

[Event "Lienz op 17th"]
[Site "Lienz"]
[Date "2013.02.10"]
[Round "2"]
[White "Poenisch, Eckehard"]
[Black "Bauer, Manfred2222"]
[Result "1-0"]
[WhiteElo "2203"]
[BlackElo "1938"]
[PlyCount "55"]
[EventDate "2013.02.09"]
[EventType "swiss"]
[EventRounds "9"]
[EventCountry "AUT"]
[SourceTitle "CBM 152 Extra"]
[Source "ChessBase"]
[SourceDate "2013.02.25"]
[SourceVersion "1"]
[SourceVersionDate "2013.02.25"]
[SourceQuality "1"]

1. e4 c6 2. d4 d5 3. exd5 cxd5 4. Bd3 Nc6 5. c3 Nf6 6. h3 g6 7. Nf3 Bf5 8. 0-0 Bxd3 9. Qxd3 Bg7 10. Bf4 0-0 11. Nbd2 e6 12. Rfe1 a6 13. a4 Rc8 14. b4 Nh5 15. Bh2 Nb8 16. Nb3 Nd7 17. a5 Ra8 18. Nc5 Qc8 19. Reb1 Re8 20. Rb3 Nhf6 21. Rab1 Bf8 22. Be5 Be7 23. Qe3 Nxe5 24. Nxe5 Kg7 25. Qf4 Bd6 26. b5 Bxc5 27. dxc5 Qxc5 28. Qxf6+ 1-0

[Event "Oberliga Ost-A 1213"]
[Site "Germany"]
[Date "2012.11.11"]
[Round "3.7"]
[White "Poenisch, Eckehard"]
[Black "Schuh, Ruediger"]
[Result "1/2-1/2"]
[WhiteElo "2203"]
[BlackElo "2084"]
[PlyCount "41"]
[EventDate "2012.10.14"]
[EventType "team-tourn"]
[EventRounds "11"]
[EventCountry "GER"]
[SourceTitle "EXT 2014"]
[Source "ChessBase"]
[SourceDate "2013.11.20"]
[SourceVersion "1"]
[SourceVersionDate "2013.11.20"]
[SourceQuality "1"]
[WhiteTeam "Coswig"]
[BlackTeam "Hoyerswerda"]
[WhiteTeamCountry "GER"]
[BlackTeamCountry "GER"]

1. e4 d6 2. d4 Nf6 3. Nc3 Nbd7 4. Nf3 e5 5. Be2 Be7 6. 0-0 0-0 7. h3 c6 8. a4 b6 9. Be3 a6 10. Nd2 Bb7 11. f4 exd4 12. Bxd4 c5 13. Bf2 Re8 14. Bf3 Bf8 15. Re1 Qc7 16. Nc4 d5 17. exd5 Qxf4 18. Qd3 Rad8 19. Rad1 Ne5 20. Rxe5 Rxe5 21. Nxe5 1/2-1/2

[Event "Oberliga Ost-A 1011"]
[Site "Germany"]
[Date "2011.04.10"]
[Round "11.4"]
[White "Engelmann, Jakob"]
[Black "Poenisch, Eckehard"]
[Result "1-0"]
[WhiteElo "2195"]
[BlackElo "2251"]
[PlyCount "67"]
[EventDate "2010.10.24"]
[EventType "team-tourn"]
[EventRounds "11"]
[EventCountry "GER"]
[SourceTitle "EXT 2012"]
[Source "ChessBase"]
[SourceDate "2011.11.24"]
[SourceVersion "1"]
[SourceVersionDate "2011.11.24"]
[SourceQuality "1"]
[WhiteTeam "Halle USV"]
[BlackTeam "Coswig"]
[WhiteTeamCountry "GER"]
[BlackTeamCountry "GER"]

1. c4 f5 2. Nc3 Nf6 3. g3 d6 4. Bg2 e6 5. e3 Be7 6. Nge2 0-0 7. 0-0 c6 8. b4 e5 9. b5 Kh8 10. Ba3 Qe8 11. bxc6 bxc6 12. Rb1 g5 13. f4 gxf4 14. exf4 e4 15. d3 d5 16. Bb2 Qf7 17. cxd5 cxd5 18. dxe4 Bc5+ 19. Kh1 dxe4 20. Nxe4 fxe4 21. Bxe4 Qe7 22. Bxf6+ Rxf6 23. Bxa8 Nc6 24. Nc3 Bf5 25. Rb2 Rd6 26. Qf3 Nd4 27. Rb8+ Kg7 28. Qh5 Rb6 29. Re8 Qf7 30. Qxf7+ Kxf7 31. Re5 Bb4 32. Nd5 Rb8 33. Nxb4 Rxb4 34. Ra5 1-0

[Event "Oberliga Ost-A 1011"]
[Site "Germany"]
[Date "2011.02.06"]
[Round "7.4"]
[White "Geiling, Christian"]
[Black "Poenisch, Eckehard"]
[Result "1/2-1/2"]
[WhiteElo "2172"]
[BlackElo "2251"]
[PlyCount "44"]
[EventDate "2010.10.24"]
[EventType "team-tourn"]
[EventRounds "11"]
[EventCountry "GER"]
[SourceTitle "EXT 2012"]
[Source "ChessBase"]
[SourceDate "2011.11.24"]
[SourceVersion "1"]
[SourceVersionDate "2011.11.24"]
[SourceQuality "1"]
[WhiteTeam "Leipzig VfB"]
[BlackTeam "Coswig"]
[WhiteTeamCountry "GER"]
[BlackTeamCountry "GER"]

1. Nf3 d6 2. d4 c6 3. c4 g6 4. b3 Bg7 5. Bb2 Na6 6. g3 f5 7. Bg2 Nh6 8. h4 Nf7 9. Qc1 e5 10. dxe5 dxe5 11. h5 g5 12. Nbd2 Bd7 13. Bc3 Qe7 14. Qb2 0-0-0 15. b4 Nc7 16. a4 g4 17. Ng1 Ne6 18. b5 c5 19. Nb3 Rhg8 20. b6 a6 21. Bd5 Rde8 22. Na5 Ned8 1/2-1/2

[Event "Oberliga Ost-A 1011"]
[Site "Germany"]
[Date "2010.12.12"]
[Round "4.4"]
[White "Poenisch, Eckehard"]
[Black "Broemel, Richard"]
[Result "0-1"]
[WhiteElo "2251"]
[BlackElo "2184"]
[PlyCount "174"]
[EventDate "2010.10.24"]
[EventType "team-tourn"]
[EventRounds "11"]
[EventCountry "GER"]
[SourceTitle "EXT 2012"]
[Source "ChessBase"]
[SourceDate "2011.11.24"]
[SourceVersion "1"]
[SourceVersionDate "2011.11.24"]
[SourceQuality "1"]
[WhiteTeam "Coswig"]
[BlackTeam "Jena Schott"]
[WhiteTeamCountry "GER"]
[BlackTeamCountry "GER"]

1. e4 c6 2. d4 g6 3. Nf3 Bg7 4. h3 d5 5. exd5 cxd5 6. Bd3 Nf6 7. 0-0 0-0 8. Re1 Nc6 9. c3 a6 10. Bf4 b5 11. Ne5 Nxe5 12. Bxe5 Nd7 13. Bxg7 Kxg7 14. a4 bxa4 15. Qxa4 e6 16. Nd2 Rb8 17. Ra2 Rb6 18. Qc2 Qc7 19. Rea1 Nb8 20. Nb3 e5 21. dxe5 Qxe5 22. Nd4 Qg5 23. Rf1 Rf6 24. Qc1 Qxc1 25. Rxc1 Re8 26. Ra5 Rb6 27. b4 Bb7 28. Rc5 Nd7 29. Rc7 Nf6 30. Ra1 Rc8 31. Rxc8 Bxc8 32. f3 Nd7 33. Ra5 Ne5 34. Be2 Bb7 35. Rc5 Kf6 36. Kf2 Nd7 37. Ra5 Ke7 38. Ke3 Kd6 39. Nb3 Rc6 40. Kd2 Bc8 41. Nd4 Rb6 42. Ke3 Bb7 43. Bd3 Nf8 44. Nb3 Ne6 45. Nc5 Bc8 46. Be2 Nc7 47. Bd3 Rc6 48. Kd2 Rb6 49. Nb3 Ne6 50. Nc5 Nc7 51. Kc2 Ke5 52. Kd2 Kf4 53. Ke2 Kg3 54. Kf1 Rc6 55. c4 f5 56. cxd5 Nxd5 57. Bxa6 Nxb4 58. Bxc8 Rxc8 59. f4 Nc2 60. Ne6 Rb8 61. Ng5 Rb2 62. Ke2 h6 63. Nf7 Kxf4 64. g4 Ne3+ 65. Kd3 Rb3+ 66. Ke2 fxg4 67. Ra4+ Kg3 68. hxg4 Nxg4 69. Ra6 g5 70. Nxh6 Nxh6 71. Rxh6 g4 72. Kf1 Rb1+ 73. Ke2 Kg2 74. Rh8 g3 75. Rh7 Rh1 76. Rg7 Rh6 77. Rg8 Kh2 78. Kf3 Rh7 79. Rg6 Rf7+ 80. Ke2 g2 81. Rh6+ Kg1 82. Rh8 Re7+ 83. Kd3 Kf2 84. Rf8+ Ke1 85. Rg8 Re2 86. Rg7 Kf1 87. Rg8 Rf2 0-1

[Event "Oberliga Ost-A 1011"]
[Site "Germany"]
[Date "2010.11.13"]
[Round "2.4"]
[White "Schindler, Christian"]
[Black "Poenisch, Eckehard"]
[Result "1/2-1/2"]
[WhiteElo "2183"]
[BlackElo "2251"]
[PlyCount "28"]
[EventDate "2010.10.24"]
[EventType "team-tourn"]
[EventRounds "11"]
[EventCountry "GER"]
[SourceTitle "EXT 2012"]
[Source "ChessBase"]
[SourceDate "2011.11.24"]
[SourceVersion "1"]
[SourceVersionDate "2011.11.24"]
[SourceQuality "1"]
[WhiteTeam "Loeberitz"]
[BlackTeam "Coswig"]
[WhiteTeamCountry "GER"]
[BlackTeamCountry "GER"]

1. c4 c6 2. Nc3 d6 3. d4 Na6 4. Nf3 g6 5. e3 Bg7 6. b3 Nc7 7. Bd3 e5 8. Bb2 Bg4 9. Be2 f5 10. dxe5 dxe5 11. Qxd8+ Rxd8 12. Na4 Bxf3 13. gxf3 Ne6 14. Rd1 Nh6 1/2-1/2

[Event "Oberliga Ost-A 0809"]
[Site "Germany"]
[Date "2009.02.01"]
[Round "7.5"]
[White "Poenisch, Eckehard"]
[Black "Schirmer, Raik"]
[Result "1/2-1/2"]
[WhiteElo "2264"]
[BlackElo "2290"]
[PlyCount "51"]
[EventDate "2008.10.12"]
[EventType "team-tourn"]
[EventRounds "11"]
[EventCountry "GER"]
[SourceTitle "EXT 2010"]
[Source "ChessBase"]
[SourceDate "2010.11.25"]
[SourceVersion "1"]
[SourceVersionDate "2010.11.25"]
[SourceQuality "1"]
[WhiteTeam "Coswig"]
[BlackTeam "Leipzig Gohlis II"]
[WhiteTeamCountry "GER"]
[BlackTeamCountry "GER"]

1. b4 e5 2. Bb2 d6 3. e3 c6 4. c4 Nf6 5. Nf3 Be7 6. Be2 h6 7. 0-0 Bf5 8. Nc3 0-0 9. Qb3 Re8 10. Rac1 Nbd7 11. d4 e4 12. Nd2 Bf8 13. a4 Nh7 14. Nd1 Qg5 15. f4 exf3 16. Bxf3 Nhf6 17. b5 Rab8 18. Qc3 d5 19. Ba3 c5 20. Ra1 Rbc8 21. cxd5 Ne4 22. Nxe4 Bxe4 23. Bxe4 Rxe4 24. Qc2 Ree8 25. dxc5 Nxc5 26. Qf5 1/2-1/2

[Event "Oberliga Ost-A 0708"]
[Site "Germany"]
[Date "2008.01.20"]
[Round "7.2"]
[White "Offinger, Robert"]
[Black "Poenisch, Eckehard"]
[Result "1/2-1/2"]
[WhiteElo "2275"]
[BlackElo "2235"]
[PlyCount "39"]
[EventDate "2007.09.23"]
[EventType "team-tourn"]
[EventRounds "11"]
[EventCountry "GER"]
[SourceTitle "EXT 2009"]
[Source "ChessBase"]
[SourceDate "2008.11.26"]
[SourceVersion "1"]
[SourceVersionDate "2008.11.26"]
[SourceQuality "1"]
[WhiteTeam "Magdeburg Aufbau Elbe"]
[BlackTeam "Coswig"]
[WhiteTeamCountry "GER"]
[BlackTeamCountry "GER"]

1. d4 f5 2. Nc3 Nf6 3. Bg5 d5 4. Bxf6 exf6 5. e3 Be6 6. Qf3 Qd7 7. a3 Nc6 8. Bb5 a6 9. Ba4 b5 10. Bb3 Rd8 11. Nge2 Na5 12. Nf4 c6 13. Nce2 Bf7 14. Nd3 Be7 15. Ng3 g6 16. 0-0 0-0 17. a4 b4 18. Rfd1 Rb8 19. Ne2 Rfd8 20. Rab1 1/2-1/2

[Event "Oberliga Ost-A 0708"]
[Site "Germany"]
[Date "2007.10.07"]
[Round "1.4"]
[White "Richter, Maik"]
[Black "Poenisch, Eckehard"]
[Result "1/2-1/2"]
[WhiteElo "2170"]
[BlackElo "2235"]
[PlyCount "26"]
[EventDate "2007.09.23"]
[EventType "team-tourn"]
[EventRounds "11"]
[EventCountry "GER"]
[SourceTitle "EXT 2009"]
[Source "ChessBase"]
[SourceDate "2008.11.26"]
[SourceVersion "1"]
[SourceVersionDate "2008.11.26"]
[SourceQuality "1"]
[WhiteTeam "Ebersbach"]
[BlackTeam "Coswig"]
[WhiteTeamCountry "GER"]
[BlackTeamCountry "GER"]

1. e4 c5 2. c3 d5 3. exd5 Qxd5 4. d4 cxd4 5. cxd4 e5 6. Nf3 Bg4 7. Nc3 Qa5 8. Bb5+ Nc6 9. Qe2 Bb4 10. Bd2 Bxf3 11. gxf3 Kf8 12. Bxc6 bxc6 13. dxe5 Re8 1/2-1/2